Инвентаризация интеллектуальных прав на результаты интеллектуальной деятельности

Bibliographic Details
Main Author: Леонтьев Б. Б. Борис Борисович
Other Authors: Мамаджанов Х. А. Хамид Абиджанович
Summary:В книге рассмотрены актуальные вопросы организации и проведения инвентаризации прав на результаты интеллектуальной деятельности, используемые на предприятии, приведены формы применяемых при ин­вентаризации документов. Представлена методика проведения эффек-торного анализа и описана процедура учета эффектов в доходах предпри­ятия. Изложены методологические приемы по реализации прав предпри­ятия на результаты научно-технической деятельности. Особое внимание уделено вопросам формирования и ведения реестра результатов интел­лектуальной собственности в новых условиях взаимоотношений субъек­тов инновации.Издание подготовлено на базе реально проведенных авторами науч­но-методических работ в указанной сфере.Предназначено для широкого круга читателей, интересующихся про­блемами инвентаризации, учета, оценки стоимости и управления интел­лектуальной собственностью и нематериальными активами действующе­го предприятия (бизнеса), может быть также полезно для работников патентно-информационных служб.
Language:Russian
Published: Москва, Патент, 2013
Subjects:
Format: Book
KOHA link:https://koha.lib.tpu.ru/cgi-bin/koha/opac-detail.pl?biblionumber=283355

MARC

LEADER 00000nam0a2200000 4500
001 283355
005 20231101235604.0
010 |a 9785918081013 
035 |a (RuTPU)RU\TPU\book\307419 
090 |a 283355 
100 |a 20150206d2013 k y0rusy50 ca 
101 0 |a rus 
102 |a RU 
105 |a a z 000zy 
200 1 |a Инвентаризация интеллектуальных прав на результаты интеллектуальной деятельности  |f Б. Б. Леонтьев, Х. А. Мамаджанов 
210 |a Москва  |c Патент  |d 2013 
215 |a 267 с.  |c ил. 
330 |a В книге рассмотрены актуальные вопросы организации и проведения инвентаризации прав на результаты интеллектуальной деятельности, используемые на предприятии, приведены формы применяемых при ин­вентаризации документов. Представлена методика проведения эффек-торного анализа и описана процедура учета эффектов в доходах предпри­ятия. Изложены методологические приемы по реализации прав предпри­ятия на результаты научно-технической деятельности. Особое внимание уделено вопросам формирования и ведения реестра результатов интел­лектуальной собственности в новых условиях взаимоотношений субъек­тов инновации.Издание подготовлено на базе реально проведенных авторами науч­но-методических работ в указанной сфере.Предназначено для широкого круга читателей, интересующихся про­блемами инвентаризации, учета, оценки стоимости и управления интел­лектуальной собственностью и нематериальными активами действующе­го предприятия (бизнеса), может быть также полезно для работников патентно-информационных служб. 
606 1 |a Интеллектуальная собственность  |x Право  |2 stltpush  |3 (RuTPU)RU\TPU\subj\12805  |9 39522 
610 1 |a интеллектуальные права 
610 1 |a интеллектуальные продукты 
610 1 |a интеллектуальная деятельность 
610 1 |a инвентаризация 
610 1 |a государственное управление 
610 1 |a идентификация 
610 1 |a классификация 
610 1 |a правовой анализ 
610 1 |a экономический анализ 
610 1 |a договоры 
610 1 |a нематериальные активы 
610 1 |a учет 
610 1 |a реестры 
686 |a Х623.3  |v LBC/SL-A  |2 rubbk 
700 1 |a Леонтьев  |b Б. Б.  |g Борис Борисович 
701 1 |a Мамаджанов  |b Х. А.  |g Хамид Абиджанович 
801 1 |a RU  |b 63413507  |c 20150206 
801 2 |a RU  |b 63413507  |c 20150513  |g RCR 
900 |a Интеллектуальная собственность 
942 |c BK 
959 |a 15/20150206  |d 1  |e 1760,00  |f ЧЗКДП:1